Návrh technológie na sušenie vzduchu

Saved in:
Bibliographic Details
Main Author: Valenteová, Jana (Author)
Other Authors: Markoš, Jozef (Thesis advisor)
Format: Manuscript Book
Language:Slovak
Published: 2024
Subjects:
Online Access:http://is.stuba.sk/zp/portal_zp.pl?podrobnosti=168781
Tags: Add Tag
No Tags, Be the first to tag this record!

MARC

LEADER 00000ntm a22000003a 4500
001 stuzp99149
003 SK-STU
005 20240622210718.9
007 ta
008 150427s2015----xo-----f-mn---000-0-slo-d
040 |a STU  |b slo 
041 0 |a slo 
100 1 |a Valenteová, Jana  |u 046230  |4 aut  |U FCHPT Ústav chemického a environmentálneho inžinierstva  |T FCHPT Oddelenie chemického a biochemického inžinierstva  |X 116041  |U C6230  |Y 119  |7 116041 
242 0 1 |a Design of air drying technology  |y eng 
245 1 0 |a Návrh technológie na sušenie vzduchu 
260 |c 2024 
650 4 |a desorpcia  |2 slo 
650 4 |a potasit  |2 slo 
650 4 |a adsorpcia  |2 slo 
650 4 |a sušenie vzduchu  |2 slo 
650 4 |a air drying  |2 eng 
650 4 |a adsorption  |2 eng 
650 4 |a desorption  |2 eng 
650 4 |a potasit  |2 eng 
700 1 |a Markoš, Jozef  |u 046230  |k Z1  |4 ths  |U FCHPT Ústav chemického a environmentálneho inžinierstva  |T FCHPT Oddelenie chemického a biochemického inžinierstva  |X 3883  |U C6230  |Y 119  |7 A000003883 
856 4 |u http://is.stuba.sk/zp/portal_zp.pl?podrobnosti=168781